| 000 | 00364nam a2200157Ia 4500 | ||
|---|---|---|---|
| 003 | OSt | ||
| 005 | 20240312113513.0 | ||
| 008 | 170523s9999 xx 000 0 und d | ||
| 020 | _a978-8120345553 | ||
| 040 | _ciimtu meerut | ||
| 100 | _aPANNEERSELVAM- R | ||
| 245 | 0 | _aPRODUCTION AND OPERATIONS MANAGEMENT | |
| 260 | _bPHI | ||
| 260 | _c2003 | ||
| 942 |
_2ddc _c02 |
||
| 999 |
_c1514 _d1514 |
||